书目信息 |
| 题名: |
我的大学
|
|
| 作者: | 方志中 主编 | |
| 分册: | ||
| 出版信息: | 北京 新华出版社 2012.03 |
|
| 页数: | 230页 | |
| 开本: | 28cm | |
| 丛书名: | ||
| 单 册: | ||
| 中图分类: | G645.5 | |
| 科图分类: | ||
| 主题词: | 教育--各级 | |
| 电子资源: | ||
| ISBN: | 7-5011-9907-8 | |
| 000 | 00559nam0 2200193 450 | |
| 001 | 1441453223 | |
| 005 | 20140312113219.18 | |
| 010 | @a7-5011-9907-8@dCNY28.00 | |
| 100 | @a20140312d2012 km y0chiy0120 ea | |
| 101 | 0 | @achi |
| 102 | @aCN@b110000 | |
| 200 | 1 | @a我的大学@Awo de da xue@f方志中主编@Ffang zhi zhong zhu bian |
| 210 | @a北京@c新华出版社@d2012.03 | |
| 215 | @a230页@d28cm | |
| 606 | 0 | @a教育@x各级 |
| 690 | @aG645.5@v4 | |
| 701 | 0 | @a方志中@Afang zhi zhong@4主编 |
| 801 | 0 | @aCN@b大连网信软件有限公司图书馆·11@c20140312 |
| 905 | @aZUCC@dG645.5@eF279 | |
| 我的大学/方志中主编.-北京:新华出版社,2012.03 |
| 230页;28cm |
| ISBN 7-5011-9907-8:CNY28.00 |
| ● |
| 相关链接 |
|
|
|
正题名:我的大学
索取号:G645.5/F279
 
预约/预借
| 序号 | 登录号 | 条形码 | 馆藏地/架位号 | 状态 | 备注 |
| 1 | 1250060 | 212500603 | 社科库409/116文学库 13排6列6层/ | 在馆 | |
| 2 | 492714 | 204927142 | 社科库409/409社科库 12排2列3层/ [索取号:G645.5/F279] | 在馆 |